000 00580nam a2200193Ia 4500
003 GCL
008 140319s9999 xx 000 0 eng d
040 _aGCL /
_cGCL
082 0 4 _a016.808838766
_bL F
100 1 _aLYNN, RUTH NADELMAN
245 1 0 _aFANTASY LITERATURE FOR CHILDREN AND YOUNG ADULTS: AN ANNOTATED BIBLIOGRAPHY /
_cLYNN, RUTH NADELMAN
260 _a[S.N] :
_bR.R. BOWKER COMPANY ،
_c1995
300 _a1092 P
650 0 4 _aBIBLIOGRAPHY
650 0 4 _aCHILDREN - BOOKS
650 0 4 _aYOUNG ADULT LITERATURE
650 0 4 _aFANTASTIC LITERATURE
942 _2ddc
_cBK
999 _c14753
_d14753